|
|
|
|
| LEADER |
00000cam a2200000 c 4500 |
| 001 |
1104339080 |
| 003 |
DE-627 |
| 005 |
20260209102459.0 |
| 007 |
tu |
| 008 |
930720s1992 xx ||||| m 00| ||ger c |
| 035 |
|
|
|a (DE-627)1104339080
|
| 035 |
|
|
|a (DE-576)034339086
|
| 035 |
|
|
|a (DE-599)BSZ034339086
|
| 035 |
|
|
|a (OCoLC)1572176315
|
| 035 |
|
|
|a (OCoLC)75370355
|
| 040 |
|
|
|a DE-627
|b ger
|c DE-627
|e rakwb
|
| 041 |
|
|
|a ger
|
| 084 |
|
|
|a 33
|2 sdnb
|
| 100 |
1 |
|
|a Uhle, Christian
|0 (DE-588)1389325458
|0 (DE-627)1960316907
|4 aut
|
| 245 |
1 |
4 |
|a Der Einfluß nicht-depolarisierender Muskelrelaxanzien auf die Porphyrinbiosynthese
|b dargestellt am Beispiel der mit DDC induzierten Ratte
|c vorgelegt von Christian Uhle
|
| 264 |
|
1 |
|c 1992
|
| 300 |
|
|
|a 128 S.
|b graph. Darst.
|
| 336 |
|
|
|a Text
|b txt
|2 rdacontent
|
| 337 |
|
|
|a ohne Hilfsmittel zu benutzen
|b n
|2 rdamedia
|
| 338 |
|
|
|a Band
|b nc
|2 rdacarrier
|
| 502 |
|
|
|a Heidelberg, Univ., Diss., 1993
|
| 583 |
1 |
|
|a Archivierung prüfen
|c 20200919
|f DE-640
|z 2
|2 pdager
|
| 583 |
1 |
|
|a Archivierung/Langzeitarchivierung gewährleistet
|f DISS
|x XA-DE-BW
|2 pdager
|5 DE-16
|
| 655 |
|
7 |
|a Hochschulschrift
|0 (DE-588)4113937-9
|0 (DE-627)105825778
|0 (DE-576)209480580
|2 gnd-content
|
| 751 |
|
|
|a Heidelberg
|0 (DE-588)4023996-2
|0 (DE-627)106300814
|0 (DE-576)208952578
|4 uvp
|
| 951 |
|
|
|a BO
|
| 992 |
|
|
|a 20260209
|
| 993 |
|
|
|a Thesis
|
| 994 |
|
|
|a 1993
|
| 998 |
|
|
|g 1389325458
|a Uhle, Christian
|m 1389325458:Uhle, Christian
|d 60000
|d 60001
|e 60000PU1389325458
|e 60001PU1389325458
|k 0/60000/
|k 1/60000/60001/
|p 1
|x j
|y j
|
| 999 |
|
|
|a KXP-PPN1104339080
|e 4911379715
|
| BIB |
|
|
|a Y
|
| JSO |
|
|
|a {"type":{"bibl":"thesis"},"origin":[{"dateIssuedDisp":"1992","dateIssuedKey":"1992"}],"title":[{"title":"Der Einfluß nicht-depolarisierender Muskelrelaxanzien auf die Porphyrinbiosynthese","subtitle":"dargestellt am Beispiel der mit DDC induzierten Ratte","title_sort":"Einfluß nicht-depolarisierender Muskelrelaxanzien auf die Porphyrinbiosynthese"}],"person":[{"family":"Uhle","display":"Uhle, Christian","given":"Christian","role":"aut"}],"id":{"eki":["1104339080"]},"language":["ger"],"name":{"displayForm":["vorgelegt von Christian Uhle"]},"noteThesis":["Heidelberg, Univ., Diss., 1993"],"physDesc":[{"noteIll":"graph. Darst.","extent":"128 S."}],"recId":"1104339080"}
|
| SRT |
|
|
|a UHLECHRISTEINFLUSSNI1992
|